=LDR 00000nam 2200000 4500 =001 INLIS000000000023184 =005 20130612121851 =008 ***********************************Ind** =035 ##$$0010-061300000023184 =041 ##$$a Ind =082 ##$$a 633.88 =090 ##$$a 633.88, Sud-t =100 ##$$a Sudewo, Bambang =245 ##$$a Sehat dengan ramuan tradisional, Tanaman obat populer penggempur aneka penyakit, Bambang Sudewo =260 ##$$a 2004 $b Jakarta =300 ##$$a vi, 142 hlm., ilus, 23,5 cm =650 ##$$a Tanaman obat =850 ##$$a NBPNMAT